Service of notices and getting it right (Record no. 74797)
[ view plain ]
| 000 -LEADER | |
|---|---|
| fixed length control field | 01412cab a2200241 4500 |
| 001 - CONTROL NUMBER | |
| control field | ABS68750 |
| 008 - FIXED-LENGTH DATA ELEMENTS--GENERAL INFORMATION | |
| fixed length control field | 050214n2004 000 0 eng u |
| 035 ## - SYSTEM CONTROL NUMBER | |
| System control number | (Sirsi) u128783 |
| 245 ## - TITLE STATEMENT | |
| Title | Service of notices and getting it right |
| 260 ## - PUBLICATION, DISTRIBUTION, ETC. | |
| Date of publication, distribution, etc. | 2004 |
| 490 ## - SERIES STATEMENT | |
| Series statement | Commercial Leases |
| Volume/sequential designation | 18(10) December 2004, 924-926(3) |
| 520 ## - SUMMARY, ETC. | |
| Summary, etc. | Examines the problem of serving the right notice at the right time and in the right manner in the management of let property. Concentrates on two cases, "Bottin (International) Investments Ltd v Venson Group Plc and others" ([2004] EWCA Civ 1368, unreported) and "Lodgepower Ltd v Taylor and others" ([2004] EWCA Civ 1367, Times 3 November 2004). The first case examined the issue of whether a notice had been satisfactorily served if it was left with a receptionist or security guard of the relevant company. The second discussed whether the notice had been validly given under the Agricultural Holdings Act 1986 s93. |
| 590 ## - LOCAL NOTE (RLIN) | |
| Local note | ABS |
| 650 ## - SUBJECT ADDED ENTRY--TOPICAL TERM | |
| Topical term or geographic name entry element | NOTICES |
| 650 ## - SUBJECT ADDED ENTRY--TOPICAL TERM | |
| Topical term or geographic name entry element | BOTTIN (INTERNATIONAL) INVESTMENTS LTD V VENSON GROUP PLC AND OTHERS |
| 650 ## - SUBJECT ADDED ENTRY--TOPICAL TERM | |
| Topical term or geographic name entry element | LODGEPOWER LTD V TAYLOR AND OTHERS |
| 650 ## - SUBJECT ADDED ENTRY--TOPICAL TERM | |
| Topical term or geographic name entry element | AGRICULTURAL HOLDINGS ACT 1986 |
| 650 ## - SUBJECT ADDED ENTRY--TOPICAL TERM | |
| Topical term or geographic name entry element | AMERADA HESS AND OTHERS V ROME AND OTHERS |
| 650 ## - SUBJECT ADDED ENTRY--TOPICAL TERM | |
| Topical term or geographic name entry element | AGRICULTURAL (MAINTENANCE REPAIR AND INSURANCE OF FIXED EQUIPMENT) |
| 650 ## - SUBJECT ADDED ENTRY--TOPICAL TERM | |
| Topical term or geographic name entry element | EGERTON V RUTTER |
| 690 ## - LOCAL SUBJECT ADDED ENTRY--TOPICAL TERM (OCLC, RLIN) | |
| Topical term or geographic name as entry element | LANDLORD AND TENANT-LEASES-CASE LAW |
| 942 ## - ADDED ENTRY ELEMENTS (KOHA) | |
| Suppress in OPAC | 0 |
| Withdrawn status | Lost status | Source of classification or shelving scheme | Damaged status | Not for loan | Home library | Current library | Shelving location | Date acquired | Total Checkouts | Full call number | Barcode | Date last seen | Copy number | Price effective from | Koha item type |
|---|---|---|---|---|---|---|---|---|---|---|---|---|---|---|---|
| Dewey Decimal Classification | London | London | Journal article | 14/02/2005 | ABS68750 | 128783-1001 | 06/08/2019 | 1 | 06/08/2019 | Journal article |